Statistics for 2024 NFL Draft First Round

Click here to take the quiz!

General Stats

  • This quiz has been taken 83 times
  • The average score is 23 of 32

Answer Stats

Pick #TeamCollegePositionAnswer% Correct
1CHIUSCQBCaleb Williams
100%
3NENorth CarolinaQBDrake Maye
98%
6NYGLSUWRMalik Nabers
98%
4ARIOhio St.WRMarvin Harrison Jr.
98%
12DENOregonQBBo Nix
96%
2WSHLSUQBJayden Daniels
96%
10MINMichiganQBJ.J. McCarthy
96%
8ATLWashingtonQBMichael Penix Jr.
96%
5LACNotre DameOTJoe Alt
95%
13LVGeorgiaTEBrock Bowers
93%
9CHIWashingtonWRRome Odunze
89%
28KCTexasWRXavier Worthy
82%
23JAXLSUWRBrian Thomas Jr.
75%
17MINAlabamaEDGEDallas Turner
75%
21MIAPenn St.EDGEChop Robinson
71%
27ARIMissouriDEDarius Robinson
69%
7TENAlabamaOTJC Latham
69%
16SEATexasDTByron Murphy II
67%
15INDUCLAEDGELaiatu Latu
67%
30BALClemsonCBNate Wiggins
67%
11NYJPenn St.OTOlumuyiwa Fashanu
65%
22PHIToledoCBQuinyon Mitchell
65%
24DETAlabamaCBTerrion Arnold
64%
19LAFlorida St.EDGEJared Verse
62%
32CARSouth CarolinaWRXavier Legette
60%
18CINGeorgiaOTAmarius Mims
53%
31SFFloridaWRRicky Pearsall
51%
26TBDukeCGraham Barton
47%
25GBArizonaOTJordan Morgan
45%
14NOOregon St.OTTaliese Fuaga
45%
29DALOklahomaOTTyler Guyton
45%
20PITWashingtonOTTroy Fautanu
42%

Score Distribution

Percentile by Number Answered

Percent of People with Each Score

Your Score History

You have not taken this quiz